| 000 | 00987nam a22002657a 4500 | ||
|---|---|---|---|
| 999 |
_c20076 _d20076 |
||
| 005 | 20200104041802.0 | ||
| 008 | 180110b2014 mx ||||| |||| 00| 0 spa d | ||
| 020 | _a9786070260407 | ||
| 040 |
_aCO-BoIAVH _cCO-BoIAVH |
||
| 041 | _aspa | ||
| 044 | _amx | ||
| 082 |
_a305.4 _bI31c |
||
| 100 | _aImaiz Gispert, Mireya | ||
| 245 | 1 | 0 | _aCambio climático mirada de género |
| 260 |
_aMéxico: _bUniversidad Nacional Autónoma de México, Programa Universitario de Medio Ambiente, Programa de Investigación en Cambio Climático, Centro de Investigaciones Interdiciplinarias en Ciencias y Humanidades _bPrograma de las Naciones Unidas para el Desarrollo, (PNUD) _c2014. |
||
| 300 |
_a255. páginas _c23 x 17cm |
||
| 650 | 1 | 4 | _aCambio climático |
| 650 | 1 | 4 | _aRecurso hidrico |
| 650 | 1 | 4 | _aBosques |
| 650 | 1 | 4 | _aAgua |
| 650 | 1 | 4 | _aAlimentación |
| 650 | 1 | 4 | _aSalud |
| 650 | 1 | 4 |
_aGénero _xParticipación |
| 942 |
_2ddc _cLIBRO |
||